000 01589cam a22003734a 4500
001 13347589
005 20160930181122.0
008 030922s2004 dcua b i001 0 eng
010 _a 2003066254
020 _a0821356496
040 _aDLC
_cDLC
_dDLC
042 _apcc
050 0 0 _aHG4538.5
_b.B7 2004
082 0 0 _aDC 368.094
_22004
_bIn8
245 0 4 _aIntrernational political risk management:
_bthe brave new world/
_cedited by Theodore H. Moran.
260 _aWashington, DC:
_bWorld Bank,
_cc2004.
300 _axi, 238 pages:
_billustrations;
_c24 cm.
440 0 _aInternational political risk management ;
_vv. 2
500 _aBased on the MIGA-Georgetown University Symposium on International Political Risk Management, held at Georgetown University on Oct. 25, 2002.
504 _aIncludes bibliographical references and index.
650 0 _aInvestment guaranty insurance.
650 0 _aRisk (Insurance)
650 0 _aCountry risk.
650 0 _aInvestments, Foreign.
650 0 _aInternational business enterprises.
650 0 _aRisk management
_xPolitical aspects.
650 0 _aSeptember 11 Terrorist Attacks, 2001
_xEconomic aspects.
650 0 _aRisk (Insurance)
_zArgentina.
700 _aMoran, Theodore H.,
_915438
_eEditor
711 2 _aMIGA-Georgetown University Symposium on International Political Risk Management
_d(2002 :
_cGeorgetown University)
906 _a7
_bcbc
_corignew
_d1
_eocip
_f20
_gy-gencatlg
942 _2ddc
_cDC
999 _c4899
_d4899